| 000 | 00347nam a22001337a 4500 | ||
|---|---|---|---|
| 001 | 3981 | ||
| 008 | 130628b xxu||||| |||| 00| 0 eng d | ||
| 020 | _a0852265204 | ||
| 082 | _a515.7 | ||
| 100 |
_alimaye vishnu balmohan _zLIM |
||
| 245 |
_aFunctional Analysis _cbalmohan vishnu limaye |
||
| 260 |
_anew dlhi _bwiley eastern _c1986 |
||
| 942 | _cBOOKS | ||
| 999 |
_c8530 _d8530 |
||